| 000 | 00796nam a2200265Ia 4500 | ||
|---|---|---|---|
| 005 | 20250425161926.0 | ||
| 008 | 250425s9999 xx 000 0 und d | ||
| 020 | _a9275320845 | ||
| 041 | _aspa | ||
| 082 | _a614 | ||
| 100 | _aORGANIZACION PANAMERICANA, DE LA SALUD | ||
| 245 | 0 | _aDESARROLLO Y FORTALECIMIENTO DE LOS SISTEMAS LOCALES DE SALUD: TEMAS DE DISCUSION | |
| 250 | _aS.E. | ||
| 260 |
_aEstados Unidos _bORGANIZACION PANAMERICANA DE LA SALUD _c1993 |
||
| 260 |
_aWASHINGTON _bORGANIZACION PANAMERICANA DE LA SALUD |
||
| 300 | _a156 | ||
| 500 | _aSERIE HSS/SILOS -17 | ||
| 650 | _aDESARROLLO DE SALUD | ||
| 650 | _aDESCENTRALIZACION | ||
| 650 | _aSALUD | ||
| 650 | _aSISTEMAS DE SALUD | ||
| 710 | _aORGANIZACION PANAMERICANA DE SALUD | ||
| 942 | _c01 | ||
| 010 | _a35172 | ||
| 999 |
_c218980 _d218980 |
||